000
00226nam a22000857a 4500
008
160718b xxu||||| |||| 00| 0 eng d
100
_9
2982
_a
Ciovacco, J., et al
245
_a
Universe
260
_a
New Delhi
_b
Popular Prakashan
_c
2004
999
_c
2545
_d
2545